000 01366nab a2200241 i 4500
001 768714001
003 CO-MdFUSB
005 20240523122537.0
008 240523t1974 sp ||||| |||| 00| 0 spa d
040 _bspa
_cCO-MdFUSB
_dCO-MdFUSB
041 _aspa
100 _eautor
245 3 _aEl humor, ¿actitud teológica?
_c/ Gérard Bessière ; traducido por Juan José del Moral
520 _aEl humor nunca se dejó encerrar dentro de los límites de una definición. Siempre se dispensó a sí mismo un trato de «humor». ¿Cómo abordarlo? Es posible examinar los orígenes de la palabra y su infancia semántica, así como los mecanismos que despliega. Por lo que respecta a estas dos primeras cuestiones, bastante escuetas por lo demás, vamos a servirnos del librito escrito por un virtuoso del humor: Robert Escarpit. En un tercer apartado intentaremos examinar en la sonrisa el gran tema que brinda el título de estas páginas.
650 0 _aTeología postmoderna
_9504
650 7 _aDios
_9178
650 7 _aTeología natural
_97182
653 _aHumor
700 _aMoral, Juan Jose del,
_etraductor
773 0 _049450
_982675
_oR2585
_tRevista internacional de teología Concilium
_w(CO-MdFUSB)8
_x0210-1041
_gNúmero 95, (mayo, 1975), páginas: 229 - 243
_qpágina: 229
942 _cANA
945 _aCatherine Arias Alvarez - Practicante SENA
999 _c69876
_d69876